000 00682nam a2200229 4500
003 OSt
005 20240723074835.0
006 a
008 240723b |||||||| |||| 00| 0 eng d
020 _a9789712723780
040 _aDWCL-Main lib.
_cOC
082 _aFil. 499.211 Es78 2010
245 _aEssays on Philippine language and literature /
260 _aPasig City:
_bAnvil Pub., Inc.,
_cc2010.
300 _axxii,
_b302 p. ;
_c22 cm.
650 _a1. Filipino language.
650 _a2. Philippine literature.
650 _a3. Filipino language-Study and teaching.
700 _aRuth Elynia S. Mabanglo
700 _aRosita G. Galang
942 _2ddc
_n0
_cBK - FIL
_kFil.
999 _c2615
_d2615